Fresh water flowing : biological monitoring protocol /

This is a two part video that explores the interrelationship of people and a fresh water ecosystem, and provides guidance for local stream monitoring projects. Fresh Waters Flowing, Part One, explores the connection between humans and rivers, specifically the links between human influence and the ab...

Full description

Bibliographic Details
Other Authors: Honick, Alan (Director, Producer, Screenwriter), Michaels, Katherine (Producer)
Format: Video
Language:English
Language Notes:In English.
Published: San Francisco, CA : Video Project, 2002.
Series:Academic Video Online
Subjects:
Online Access:Connect to this streaming video (Alexander Street Press)

MARC

Tag First Indicator Second Indicator Subfields
LEADER 00000cgm a2200000Mi 4500
001 in00005585321
006 m o c
007 cr |n||||||||a
007 vz |za|z|
008 170403s2002 cau037 e o vueng d
005 20241201232950.5
035 |a (OCoLC)ocn986460934 
040 |a ALSTP  |b eng  |e rda  |e pn  |c ALSTP  |d OCLCO  |d OCLCQ  |d OCLCF  |d AU@  |d OCLCO  |d OCLCQ  |d OCLCL  |d OCLCQ  |d NUI  |d OCLCO 
019 |a 1373465119  |a 1430882282  |a 1444003819 
035 |a (OCoLC)986460934  |z (OCoLC)1373465119  |z (OCoLC)1430882282  |z (OCoLC)1444003819 
082 0 4 |a 577.6  |q OCoLC  |2 22/eng/20230216 
049 |a TXAM 
245 0 0 |a Fresh water flowing :  |b biological monitoring protocol /  |c directed, written and edited by Alan Honick ; produced by Alan Honick and Katherine Michaels. 
264 1 |a San Francisco, CA :  |b Video Project,  |c 2002. 
300 |a 1 online resource (37 min.) 
306 |a 003641 
336 |a two-dimensional moving image  |b tdi  |2 rdacontent 
337 |a video  |b v  |2 rdamedia 
337 |a computer  |b c  |2 rdamedia 
338 |a other  |b vz  |2 rdacarrier 
338 |a online resource  |b cr  |2 rdacarrier 
347 |a data file  |2 rda 
490 0 |a Academic Video Online 
500 |a Title from resource description page (viewed April 03, 2017). 
520 |a This is a two part video that explores the interrelationship of people and a fresh water ecosystem, and provides guidance for local stream monitoring projects. Fresh Waters Flowing, Part One, explores the connection between humans and rivers, specifically the links between human influence and the ability of a river to support healthy living communities. Fresh Waters Flowing shows how important biological integrity is for rivers and demonstrates how measuring biological condition with the index of biological integrity (IBI) can be a powerful tool for maintaining and restoring the health of watersheds. Biological Monitoring Protocol, Part Two, introduces the index of biological integrity (IBI) as the best yardstick for measuring the health of rivers and streams. Measuring pollutants, such as temperature, phosphorus, or toxic chemicals, may tell you if a river is clean, but only a direct biological yardstick like IBI will tell you if a river is healthy and can, for example, support wild salmon. IBI has now been adopted to monitor rivers on all continents except Antarctica. This program also outlines the actual equipment and techniques needed to collect data as an index of biological integrity. Featuring James Karr of the University of Washington and Charley Dewberry of Pacific Rivers Council, this two-video series introduces important science concepts and is appropriate for courses in natural science, environmental science, biology, and water quality at the high school and university levels. 
546 |a In English. 
650 0 |a Freshwater ecology. 
650 0 |a Water quality biological assessment. 
650 0 |a Stream conservation. 
650 0 |a Salmon  |x Habitat. 
650 0 |a Fish habitat improvement. 
650 6 |a Écologie d'eau douce. 
650 6 |a Eau  |x Qualité  |x Évaluation biologique. 
650 6 |a Cours d'eau  |x Conservation. 
650 6 |a Saumons  |x Habitat. 
650 6 |a Poissons  |x Habitat  |x Amélioration. 
650 7 |a Fish habitat improvement  |2 fast 
650 7 |a Freshwater ecology  |2 fast 
650 7 |a Salmon  |x Habitat  |2 fast 
650 7 |a Stream conservation  |2 fast 
650 7 |a Water quality biological assessment  |2 fast 
655 7 |a documentary film.  |2 aat 
655 7 |a Documentary films  |2 fast 
655 7 |a Environmental films  |2 fast 
655 7 |a Documentary films.  |2 lcgft 
655 7 |a Environmental films.  |2 lcgft 
655 7 |a Documentaires.  |2 rvmgf 
655 7 |a Films environnementaux.  |2 rvmgf 
700 1 |a Honick, Alan,  |e director,  |e producer,  |e screenwriter. 
700 1 |a Michaels, Katherine,  |e producer. 
758 |i has work:  |a Fresh waters flowing (MovingImage)  |1 https://id.oclc.org/worldcat/entity/E39PCFBBg8k3T4jJckcbh6mB8y  |4 https://id.oclc.org/worldcat/ontology/hasWork 
776 0 8 |i Original version:  |w (OCoLC)65179097 
856 4 0 |u http://proxy.library.tamu.edu/login?url=https://www.aspresolver.com/aspresolver.asp?MARC;3403893  |z Connect to this streaming video (Alexander Street Press)  |t 0 
955 |a Alexander Street Press subscription streaming video 
994 |a 92  |b TXA 
999 f f |s dfda3e3c-a0fd-49c4-ae9c-ade3bd00a861  |i f41168de-b6a5-456d-b25c-8a7456eff7e8  |t 0 
952 f f |a Texas A&M University  |b College Station  |c Electronic Resources  |d Available Online  |t 0  |h Library of Congress classification 
998 f f |t 0  |l Available Online